000 00490nam a2200181Ia 4500
001 44198
008 140428s9999 xx 000 0 und d
020 _aNA
040 _cPK-LaUMT
082 _aRHC 891.4393
_bSHA-A
100 _aShahzad Manzar
245 _aAndhairi raat kaa tanhaa musaafir (Urdu)
_bnovel
_cShahzad Manzar
260 _aKarachi,Pakistan:
_bThe Manager of Puhlications,
_c1984
300 _a144 p.
546 _aUR
650 _aPakistani literature-Urdu
942 _cBK
999 _c42192
_d42192